مبادیات طب پر ایک تحقیقی نظر / (Record no. 173902)

MARC details
000 -LEADER
fixed length control field 00584nam a22001817a 4500
005 - DATE AND TIME OF LATEST TRANSACTION
control field 20200312105540.0
010 ## - LCCN (DPL NO)
LC control number A-603568
020 ## - INTERNATIONAL STANDARD BOOK NUMBER
Terms of availability 11.00
035 ## - SYSTEM CONTROL NUMBER
System control number A-603568
037 ## - SOURCE OF ACQUISITION
Source of stock number/acquisition BPPD/Pub.
082 ## - DEWEY DECIMAL CLASSIFICATION NUMBER
Classification number 615.54
100 ## - MAIN ENTRY--PERSONAL NAME
Personal name الطاف احمد اعظمی
245 ## - TITLE STATEMENT
Title مبادیات طب پر ایک تحقیقی نظر /
Statement of responsibility, etc الطاف احمد اعظمی
246 ## - VARYING FORM OF TITLE
Title proper/short title Mabadiyat-e-Tib Per Ek Tehqeeqi Nazar /
Remainder of title by Altaf Ahmad Azmi
260 ## - PUBLICATION, DISTRIBUTION, ETC. (IMPRINT)
Place of publication, distribution, etc New Delhi
Name of publisher, distributor, etc Taraqqi Urdu Bureau
Date of publication, distribution, etc 1912 ء
300 ## - PHYSICAL DESCRIPTION
Extent 179p.
Dimensions 22cm(Hb)
942 ## - ADDED ENTRY ELEMENTS (KOHA)
Source of classification or shelving scheme Dewey Decimal Classification
Item type Urdu Bks
Classification part 615.54
Call number suffix ا ل ط
Holdings
Withdrawn status Lost status Not for loan Collection code Home library Current library Date acquired Source of acquisition Cost, normal purchase price Full call number Barcode Copy number Cost, replacement price Koha item type
      Non-fiction Central Library Central Library 12/03/2020 BPPD/Ven. 11.00 615.54 ا ل ط A-603568 1 11.00 Urdu Bks

© Delhi Public Library
Hit Counter
free hit counter